Sport marketing / (Record no. 2617)
[ view plain ]
| 000 -LEADER | |
|---|---|
| fixed length control field | 00625cam a22002054i 4500 |
| 008 - FIXED-LENGTH DATA ELEMENTS--GENERAL INFORMATION | |
| fixed length control field | 130801s2014 ilu b 001 0 eng |
| 020 ## - INTERNATIONAL STANDARD BOOK NUMBER | |
| ISBN | 9781450424981 (hbk.) |
| 020 ## - INTERNATIONAL STANDARD BOOK NUMBER | |
| ISBN | 1450424988 (print) |
| 100 1# - MAIN ENTRY--AUTHOR | |
| Author | Mullin, Bernard James. |
| 245 10 - TITLE STATEMENT | |
| Title | Sport marketing / |
| Statement of responsibility, etc | Bernard J. Mullin, Stephen Hardy, William A. Sutton. |
| 250 ## - EDITION STATEMENT | |
| Edition statement | Fourth edition. |
| 260 ## - PUBLICATION, DISTRIBUTION, ETC. (IMPRINT) | |
| Place of publication | U.S.A |
| Name of publisher | Human Kenetic |
| Date of publication | 2014 |
| 300 ## - COLLATION | |
| Pagination | xix, 482 pages : |
| Other physical details | colored illustrations ; |
| 650 #0 - TRACINGS | |
| Main Subject | Sports |
| Subdivision (2nd) | Marketing. |
| 700 1# - ADDITIONAL AUTHOR | |
| Additional Author | Hardy, Stephen, |
| 700 1# - ADDITIONAL AUTHOR | |
| Additional Author | Sutton, William Anthony, |
| 942 ## - ADDED ENTRY ELEMENTS (KOHA) | |
| Item type | Books |
| 050 00 - LIBRARY OF CONGRESS CALL NUMBER | |
| Classification number | GV716 |
| Item number | .M85 2014 |
| 082 00 - DEWEY DECIMAL CLASSIFICATION NUMBER | |
| Classification number | 338.4/3796 |
| Source of classification or shelving scheme | Not for loan | Permanent location | Current location | Date acquired | Accession No. | Full call number | Barcode. | Koha item type |
|---|---|---|---|---|---|---|---|---|
| Library of Congress Classification | Environmental Sciences Library | Environmental Sciences Library | 03/24/2025 | 2024/63609 | GV716.M85 | 2025-0905 | Books |